Frente a la violencia : los objetores de conciencia /

Análisis teórico y práctico de la no violencia y la interpretación adecuada de la objeción de conciencia, donde los autores responden a dos cuestiones: qué es la no violencia y cuál es su fin. Sus planteamientos consideran el marco doctrinal de la Iglesia para sustentar una recta interpretación de e...

Ausführliche Beschreibung

Gespeichert in:
Bibliographische Detailangaben
1. Verfasser: Régamey, Pie-Raymond (autor)
Weitere Verfasser: Jolif, Jean-Yves (autor) (autor), Ezcurdia, Martín (traducción) (traducción)
Format: Buch
Sprache:Spanisch
Veröffentlicht: Madrid, España : Fax, 1964, c1964
Schriftenreihe:(Perspectivas Fax ; 43)
Schlagworte:
Tags: Tag hinzufügen
Keine Tags, Fügen Sie das erste Tag hinzu!

MARC

LEADER 00000nam^a2200000^a^4500
001 000299445
005 20250521000000.0
009 20260310112439.705
025 |a Donación Jesús Vergara Aceves, 1 ejemplar 
037 |a Acervo Xavier Clavigero 
041 |a ESP 
082 |a 179. 7  |b REG 
100 |a Régamey, Pie-Raymond  |e (autor) 
240 1 1 |a [Frente a la violencia: los objetores de conciencia] 
245 1 0 |a Frente a la violencia :  |b los objetores de conciencia /  |c P.R. Régamey, J.Y. Jolif ; tr. por M. Ezcurdia. 
264 4 |a Madrid, España :  |b Fax,  |c 1964, c1964 
300 |a 141 p. 
336 |a texto  |b txt  |2 rdacontenido 
337 |a sin mediación  |b n  |2 rdamedio 
338 |a volumen  |b nc  |2 rdasoporte 
440 1 |a (Perspectivas Fax ;  |v 43) 
500 |a Traducción de: Face à la violence: pour un statut des objecteurs de conscience 
520 |a Análisis teórico y práctico de la no violencia y la interpretación adecuada de la objeción de conciencia, donde los autores responden a dos cuestiones: qué es la no violencia y cuál es su fin. Sus planteamientos consideran el marco doctrinal de la Iglesia para sustentar una recta interpretación de este fenómeno ideológico. 
649 |a XX 
650 |a Objeción de Conciencia -  |x Tema Principal 
650 |a No Violencia -  |x Teoría 
650 |a Pacifismo 
650 |a Guerra y Paz 
650 |a Violencia 
650 |a Etica Cristiana 
650 |a Etica y Religión 
650 |a Cristianismo y Política 
650 |a Cristianismo y Sociedad 
650 |a Cristianismo -  |x Filosofía 
650 |a Política y Religión 
650 |a Filosofía y Religión 
700 |a Jolif, Jean-Yves  |e (autor) 
700 |a Ezcurdia, Martín  |e (traducción) 
910 |a Fondo Jesús Vergara Aceves S.J. 
920 |a Impresos - Libros 
930 |a Fondos Especiales 
905 |a 119 
901 |a 0500185347  |b IT2  |c ESP  |i D  |u 20250521 
902 |a https://opac.biblio.iteso.mx/vufind/Record/000299445